000
00323nam a2200121 a 4500
005
20140414093827.0
008
030526s19uu xx 00 eng d
050
_a
VHS 300
_b
R 25
245
_a
Differentiating instruction for mixed-ability classrooms.
500
_a
Library has 3 copies
942
_c
AVM
999
_c
108521
_d
108521